000 00347 a2200145 4500
001 150591
040 _cEscola São Tomás de Aquino
100 _aGUELLI, Oscar
240 1 0 _aContando a história da matemática
_lpor
245 1 0 _aContando a história da matemática
300 _a54
362 0 _a1992
697 _aMATEMÁTICA
942 _cBK
999 _c150591
_d150591